00922nam a22001937a 4500003000900000005001700009008004100026040001400067100003400081245010600115250001100221260002700232300001800259490008900277520023300366942001200599999001700611952010000628IT-RoPau20220918181106.0130520b xxu||||| |||| 00| 0 eng d c IT-RoPau aSSP Provincia Brasileira9567 aNo centro está Cristo Caminho, Verdade e VidabCentro de Espiritualidade Família Paulina - Brasil a1° ed aSão PaulobSSPc1986 a76 pp.c20 cm aCentro de Espiritualidade Família Paulina - BrasilvAno 2 - n.° 6 - abril de 1986 aSumário Maria no pensamento do. Pe. Alberione - O Caminho spiritual do pe. Alberione - Maria na perspectiva do pe. Alberione A caminho com Maria – celebração Caminho da humanidade Bibliografia mariana do pe. Alberione  2ddccBK c98556d98556 00102ddc406P_C871aPAULUSbPAULUSd2013-05-20l0oP C8r2013-05-20 00:00:00w2013-05-20yBK